00928 2200241 4500001002100000005001500021035002000036008004100056020001800097041000600115082001000121090001600131100002100147245008800168260004300256300004000299084001600339520025800355650002200613650001800635990001600653990001700669INLIS00000000000560220260309084449 a0010-0322000378260309 g 0 ind  a979-21-0186-1 ai a631.8 a631.8 SUT p0 aSutanto, Rachman1 aPenerapan Pertanian Organik :bPermasyarakatan & Pengembangannya /cRachman Sutanto aYogyakarta :bPENERBIT KANISIUS,c2002 a219 hlm,; 15 x 22,5 cm :bilustrasi a631.8 SUT p aPertanian organik yang akrab lingkungan dan menghasilkan pangan yang sehat sebenarnya sudah menjadi kearifan/ pengetahuan tradisional. Buku ini mengetengahkan teknologi pertanian organik yang dapat diadopsi oleh para petani, pengembang dan pemasyarakat. 4apertanian organik 4aPupuk organik a367/STPP/02 a2022/HD/0297